000
00319nam a22001337a 4500
003
SGT
082
_a
617.6342
_b
R17S
100
_a
SONIA, LAKRA
245
_a
RECIPROCATING FILE SYSTEMS
260
_a
DELHI NCR
_b
SGT UNIVERSITY GURUGRAM
_c
2017
300
_a
1-74
650
_a
CONSERVATIVE DENTISTRY
942
_2
ddc
_c
TH
999
_c
19155
_d
19155